| 000 | 00838nas a2200253 4500 | ||
|---|---|---|---|
| 001 | BR9502244 | ||
| 003 | BR-BrBNA | ||
| 005 | 20231205093954.0 | ||
| 007 | ta | ||
| 008 | 230509b bl.|||p| |||| 00| 00por d | ||
| 040 |
_aBR-BrBNA _bpor _cBiblioteca Nacional de Agricultura |
||
| 041 | _a(Pt) | ||
| 072 | _aH10 | ||
| 100 | 1 | _aMielke, O.H.H. | |
| 100 | 1 | _aCasagrande, M.M. | |
| 245 | 1 | _aLepidoptera: papilionoidea e hesperioidae coletados na ilha de Maraca, Alto Alegre, Roraima, parte do projeto Maraca, com uma lista complementar de Hespiriidae de Roraima | |
| 650 | _aLepidoptero | ||
| 650 | _aBiologia | ||
| 650 | _aDistribuicao Geografica | ||
| 650 | _aRoraima | ||
| 773 | 0 |
_tActa Amazonica (Brazil) _xISSN 0044-5967 _g(1991), v. 21 p. 175-210 _wBR9502244 |
|
| 909 |
_a202311 _bLúcia _c55 _dLúcia Elande |
||
| 942 |
_2AGRIS _n0 _cANA |
||
| 999 |
_c141370 _d141370 |
||